Statistiken für Liedtext - An Guten Tagen - Johannes Oerding

Klicken Sie hier um das Quiz zu spielen!

Allgemein

  • Dieses Quiz wurde 210 mal gespielt
  • Das Durchschnittsergebnis liegt bei 172 aus 280

Antwortstatistiken

Textquiz% Korrekt
an
100%
An
100%
guten
100%
Tag
99%
Tagen
99%
'n
93%
Und
90%
und
90%
ich
82%
je
81%
es
80%
Ist
79%
ist
79%
jetzt
79%
da
77%
hier
77%
nicht
75%
Die
74%
die
74%
im
73%
nur
73%
Gibt
70%
gibt
70%
du
69%
wir
69%
das
68%
so
68%
für
65%
nie
65%
uns
65%
alle
64%
den
63%
Der
63%
immer
63%
nach
59%
doch
58%
Doch
58%
Lachen
58%
echt
57%
unser
57%
zurück
57%
bin
54%
vorn
54%
alles
53%
schön
52%
vielleicht
52%
Vielleicht
52%
wie
52%
Auch
51%
auch
51%
dass
51%
meine
51%
links
48%
rechts
48%
Schau'
48%
Sonne
48%
steh'
48%
weg
48%
Weg
48%
denn
47%
hell
47%
mir
47%
wenn's
47%
in
45%
Mach'
45%
noch
45%
dann
44%
blau
43%
Fragen
43%
schnell
43%
sich
43%
Stau
43%
wird
43%
machen
42%
Mag
41%
mal
41%
selbst
41%
Spiegel
41%
Typ
41%
leuchtet
40%
Uhr
40%
Zweifel
40%
einfach
39%
gestern
39%
tickt
39%
aus
38%
einem
38%
hat
38%
weiß
38%
Herz
37%
klar
37%
bunt
36%
ihre
36%
Leben
36%
mit
36%
weil
36%
läufst
35%
Licht
35%
übern
35%
Abend
34%
Bar
34%
roten
34%
wach
34%
Zeit
34%
braucht
33%
frisch
33%
Teppich
33%
Wind
33%
Damit
32%
endlich
32%
flogen
32%
Foto
32%
Pausen
32%
plötzlich
32%
raus
32%
rollt
32%
vergess'
32%
verliebt
32%
warm
32%
ziemlich
32%
beste
31%
gedreht
31%
grad
31%
versteckt
31%
weniger
31%
Beton
30%
Ey
30%
Grauer
30%
irgendwo
30%
Trotz
30%
euch
29%
meinen
29%
pumpt
29%
schwarzen
29%
Hundert
28%
schöner
28%
wertvoller
28%
strahl'n
27%
hellen
25%
ist's
25%
Straßen
25%
umso
25%
Arm'n
24%

Verteilung der Resultate

Perzentil nach korrekt beantworteten Fragen

Anzahl Personen mit jedem Resultat

Ihre Resultats-Entwicklung

Sie haben dieses Quiz noch nicht gespielt